000
00346nam a2200145Ia 4500
003
OSt
005
20231120092004.0
008
170523s9999 xx 000 0 und d
020
_a
9788120326330
040
_c
IIMT UNIVERSITY
100
_a
ALTEHAV
245
0
_a
ENTREPRENEURSHIP RESOURCE PLANNING
260
_b
TATA MC GRAW HILL
942
_2
ddc
_c
02
999
_c
1743
_d
1743